Normal view
MARC view
Entry Personal Name
001 - CONTROL NUMBER
- control field: 19882
003 - CONTROL NUMBER IDENTIFIER
- control field: OSt
005 - DATE AND TIME OF LATEST TRANSACTION
- control field: 20211105134436.0
008 - FIXED-LENGTH DATA ELEMENTS
- fixed length control field: 211105|| aca||aabn | a|a d
040 ## - CATALOGING SOURCE
- Original cataloging agency: OSt
- Transcribing agency: OSt
100 ## - HEADING--PERSONAL NAME
- Personal name: Ferguson, K., ed
670 ## - SOURCE DATA FOUND
- Source citation: Work cat.: (OSt): Kofu Symposium on New Look At the Sun with Emphasiss on Advanced Observations of Coronal Dynamics and Flares Yamanashi 1993 Sep. 6-10 19446, Stephen Hawking: quest for a theory of everything, 1992